000 00611nam a22001577a 4500
008 160430b xxu||||| |||| 00| 0 eng d
082 _22013
_aUT 0458
_bEs65
100 _97167
_aEspina, Teresita P.
245 _aCausal attributions of students and their academic performance in English subjects/
_cTeresita P. Espina, Grace A. Sumalpong And Lornell Ernest Navales.
260 _aDigos City
_bUMDC
_cOctober 2013.
300 _a44 pages;
_c29 cm.
650 0 _97166
_aEducation
_vEnglish
_xUndergraduate thesis.
700 _97163
_aSumalpong, Grace A.
700 _97165
_aNavales, Lornell Ernest.
942 _2ddc
_cUT
999 _c2197
_d2197